[Event "Titled Tuesday intern op 12th Sep Late"]
[Site "Chess.com INT"]
[Date "2023.09.12"]
[Round "2"]
[White "Rodgers, Jack"]
[Black "Mikaelyan, Arman"]
[Result "0-1"]
[WhiteElo "2084"]
[BlackElo "2529"]
[PlyCount "88"]
[EventDate "2023.09.12"]
[EventType "swiss (blitz)"]
[EventRounds "11"]
[EventCountry "USA"]
[SourceTitle "EXT 2024"]
[Source "ChessBase"]
[SourceDate "2023.10.10"]
[SourceVersion "1"]
[SourceVersionDate "2023.10.10"]
[SourceQuality "1"]

1. d4 Nf6 2. Bg5 c5 3. d5 Ne4 4. Bf4 Qb6 5. Bc1 g6 6. f3 Nf6 7. e4 d6 8. Nc3 Bg7 9. h4 Nbd7 10. a4 a6 11. a5 Qc7 12. Nge2 h5 13. Bg5 Ne5 14. Nc1 Bd7 15. Nd3 Nh7 16. Nxe5 Bxe5 17. Be3 b5 18. axb6 Qxb6 19. Ra2 Bg3+ 20. Bf2 Bxf2+ 21. Kxf2 c4+ 22. Kg3 Rc8 23. Qa1 0-0 24. Rxa6 Qe3 25. Ra7 Rcd8 26. Be2 f5 27. exf5 gxf5 28. Rc7 Kh8 29. Qa7 Rg8+ 30. Kh2 Qf4+ 31. Kg1 Nf6 32. Rh2 Rg7 33. Rxc4 Qc1+ 34. Bf1 Rdg8 35. Qd4 Qe1 36. Qd1 Qe3+ 37. Kh1 Kh7 38. Qd4 Qc1 39. Qd1 Qxb2 40. Ne2 Bb5 41. Rd4 Bxe2 42. Bxe2 Rb8 43. Bd3 Kh8 44. Bxf5 Qa2 0-1

[Event "Titled Tuesday intern op 05th Sep Late"]
[Site "Chess.com INT"]
[Date "2023.09.05"]
[Round "1"]
[White "Boder, Jan"]
[Black "Rodgers, Jack"]
[Result "0-1"]
[WhiteElo "2286"]
[BlackElo "2084"]
[PlyCount "170"]
[EventDate "2023.09.05"]
[EventType "swiss (blitz)"]
[EventRounds "11"]
[EventCountry "USA"]
[SourceTitle "EXT 2024"]
[Source "ChessBase"]
[SourceDate "2023.10.10"]
[SourceVersion "1"]
[SourceVersionDate "2023.10.10"]
[SourceQuality "1"]

1. c4 c5 2. g3 g6 3. Bg2 Bg7 4. Nc3 Nf6 5. a3 0-0 6. b4 d6 7. Nf3 a6 8. 0-0 Qc7 9. Qb3 Nc6 10. Bb2 Rb8 11. d3 Bg4 12. b5 Bxf3 13. exf3 Nd4 14. Qd1 a5 15. Rb1 e6 16. a4 b6 17. Re1 Rfe8 18. Ne4 Nxe4 19. fxe4 e5 20. f4 exf4 21. gxf4 Qe7 22. Kh1 Qh4 23. Bxd4 Bxd4 24. Qf3 Bc3 25. Re2 Re7 26. Qg3 Qf6 27. Rf1 Rd8 28. Ref2 Bd4 29. Rf3 Qg7 30. h4 f6 31. Bh3 Rf8 32. Kg2 f5 33. exf5 Re2+ 34. Kh1 gxf5 35. Qxg7+ Kxg7 36. Rg3+ Kf6 37. Rg5 Ke6 38. Rf3 Re3 39. Kg2 Rxf3 40. Kxf3 Bc3 41. Rh5 Rf7 42. Rh6+ Bf6 43. Rh5 Bd4 44. Rh6+ Ke7 45. Rh5 Ke6 46. Rh6+ Bf6 47. Rh5 Be7 48. Rh6+ Kd7 49. Rh5 Ke6 50. Rh6+ Rf6 51. Rxh7 Rf7 52. Rh6+ Rf6 53. Rh8 Rf7 54. h5 Kf6 55. Rb8 Rh7 56. Rxb6 Rxh5 57. Bg2 Rh8 58. Ra6 Bd8 59. Rxd6+ Ke7 60. Rd5 Ke6 61. Re5+ Kd6 62. Rxf5 Be7 63. Rd5+ Ke6 64. Kg3 Bh4+ 65. Kf3 Be7 66. f5+ Kf6 67. Kf2 Rh4 68. Be4 Rf4+ 69. Kg3 Rf1 70. Rd7 Rg1+ 71. Kf2 Ra1 72. b6 Rxa4 73. b7 Rb4 74. Rd5 a4 75. d4 a3 76. Rd7 a2 77. b8Q Rxb8 78. Ra7 cxd4 79. Rxa2 Ke5 80. Kf3 Rb3+ 81. Kg4 Kxe4 82. Re2+ Re3 83. Ra2 d3 84. Ra8 Bc5 85. Re8+ Kd4 0-1

[Event "Titled Tuesday intern op 05th Sep Late"]
[Site "Chess.com INT"]
[Date "2023.09.05"]
[Round "10"]
[White "Rios Escobar, Adan"]
[Black "Rodgers, Jack"]
[Result "1-0"]
[WhiteElo "2234"]
[BlackElo "2084"]
[PlyCount "135"]
[EventDate "2023.09.05"]
[EventType "swiss (blitz)"]
[EventRounds "11"]
[EventCountry "USA"]
[SourceTitle "EXT 2024"]
[Source "ChessBase"]
[SourceDate "2023.10.10"]
[SourceVersion "1"]
[SourceVersionDate "2023.10.10"]
[SourceQuality "1"]

1. d4 Nf6 2. g3 e6 3. c4 Bb4+ 4. Nd2 c5 5. dxc5 Bxc5 6. Bg2 Nc6 7. Ngf3 0-0 8. 0-0 d5 9. cxd5 exd5 10. a3 a5 11. b3 Bf5 12. Bb2 Re8 13. Rc1 Qd6 14. Nh4 Bg6 15. Nxg6 hxg6 16. e3 Bxa3 17. Bxa3 Qxa3 18. h4 Rad8 19. Nf3 Qd6 20. Nd4 Ne4 21. Qd3 Nxd4 22. Qxd4 Qb4 23. Qxb4 axb4 24. Rc7 Nd2 25. Rd1 Nxb3 26. Rxd5 b6 27. Rb5 Rd6 28. Bd5 Rxd5 29. Rxd5 Nc5 30. Rc6 Rb8 31. Rd4 b3 32. Rb4 Rd8 33. Rbxb6 Rd1+ 34. Kg2 Nd3 35. Rxb3 Ne1+ 36. Kh3 Nd3 37. Rc8+ Kh7 38. Kg2 Rd2 39. Rxd3 Rxd3 40. Rf8 Rd7 41. g4 Ra7 42. Kg3 Rb7 43. g5 Re7 44. Kg4 Rc7 45. f3 Ra7 46. e4 Re7 47. Kf4 Rc7 48. Kg4 Re7 49. h5 gxh5+ 50. Kxh5 Rc7 51. Rxf7 Rc1 52. g6+ Kg8 53. Rd7 Rc5+ 54. Kg4 Rc8 55. f4 Re8 56. e5 Ra8 57. Kg5 Kf8 58. Rf7+ Kg8 59. Rd7 Re8 60. Rd2 Ra8 61. Rc2 Kf8 62. Rh2 Kg8 63. f5 Ra1 64. Rg2 Ra5 65. e6 Ra8 66. Rd2 Re8 67. e7 Kh8 68. Rd7 1-0

[Event "Titled Tuesday intern op 05th Sep Late"]
[Site "Chess.com INT"]
[Date "2023.09.05"]
[Round "5"]
[White "Rodgers, Jack"]
[Black "Rodriguez Fontecha, Marcos"]
[Result "1-0"]
[WhiteElo "2084"]
[BlackElo "2289"]
[PlyCount "105"]
[EventDate "2023.09.05"]
[EventType "swiss (blitz)"]
[EventRounds "11"]
[EventCountry "USA"]
[SourceTitle "EXT 2024"]
[Source "ChessBase"]
[SourceDate "2023.10.10"]
[SourceVersion "1"]
[SourceVersionDate "2023.10.10"]
[SourceQuality "1"]

1. d4 Nf6 2. Bg5 e6 3. e4 Be7 4. e5 Nd5 5. Bxe7 Nxe7 6. Nf3 d6 7. Bd3 Nbc6 8. 0-0 dxe5 9. dxe5 Ng6 10. Re1 0-0 11. Nc3 Nf4 12. Be4 Ne7 13. Qc1 Nfd5 14. Rd1 Nxc3 15. Rxd8 Ne2+ 16. Kf1 Nxc1 17. Rxf8+ Kxf8 18. Rxc1 Bd7 19. Rd1 Ke8 20. Bxh7 g6 21. h4 Bb5+ 22. Ke1 Kf8 23. h5 Kg7 24. hxg6 fxg6 25. Ng5 Kh6 26. Nxe6 Rc8 27. Nd4 Be8 28. Bxg6 Nxg6 29. Nf5+ Kg5 30. Ne3 Nxe5 31. Rd5 Kf6 32. f4 Ng6 33. g4 Bc6 34. Rf5+ Ke6 35. Ra5 a6 36. f5+ Kf6 37. fxg6 Kxg6 38. Ke2 Rf8 39. Rf5 Re8 40. Rf4 b6 41. c4 b5 42. Kd3 Rd8+ 43. Rd4 Re8 44. b3 Kg5 45. Nd5 Re1 46. Nxc7 Bf3 47. Nxa6 Bxg4 48. cxb5 Rd1+ 49. Kc3 Rc1+ 50. Kb4 Bf5 51. a4 Rb1 52. Nc5 Rc1 53. b6 1-0

[Event "Titled Tuesday intern op 05th Sep Late"]
[Site "Chess.com INT"]
[Date "2023.09.05"]
[Round "4"]
[White "Rodrigues, Adriano Pfuhl"]
[Black "Rodgers, Jack"]
[Result "1-0"]
[WhiteElo "2295"]
[BlackElo "2084"]
[PlyCount "103"]
[EventDate "2023.09.05"]
[EventType "swiss (blitz)"]
[EventRounds "11"]
[EventCountry "USA"]
[SourceTitle "EXT 2024"]
[Source "ChessBase"]
[SourceDate "2023.10.10"]
[SourceVersion "1"]
[SourceVersionDate "2023.10.10"]
[SourceQuality "1"]

1. e4 c5 2. Nf3 g6 3. c3 Bg7 4. d4 cxd4 5. cxd4 d5 6. e5 Bg4 7. Be3 Nc6 8. Nbd2 Nh6 9. Bd3 Nf5 10. Bxf5 Bxf5 11. 0-0 0-0 12. a3 Rc8 13. Rc1 a6 14. Nb3 b6 15. Qe2 b5 16. Nc5 Qb6 17. h3 Rfd8 18. g4 Be4 19. Nd2 Na5 20. f3 Bf5 21. gxf5 gxf5 22. b4 Nc4 23. Nxc4 bxc4 24. e6 fxe6 25. f4 Kf7 26. Qh5+ Kg8 27. Kf2 Kh8 28. Rg1 Rg8 29. Qf7 Rcf8 30. Qxe6 Qd8 31. Rg5 Rf6 32. Qd7 Qf8 33. Rcg1 Qf7 34. Ke2 h6 35. R5g3 Qh5+ 36. Kd2 Qf7 37. Kc3 Kh7 38. a4 Rd6 39. Qb7 Qf6 40. b5 Re6 41. Nxe6 Qxe6 42. Kd2 c3+ 43. Kd3 Qe4+ 44. Kxc3 Qe6 45. Kb4 axb5 46. axb5 Qd6+ 47. Kb3 Rb8 48. Rxg7+ Kh8 49. Qxb8+ Qxb8 50. Rg8+ Qxg8 51. Rxg8+ Kxg8 52. b6 1-0

[Event "Titled Tuesday intern op 27th Jun Late"]
[Site "Chess.com INT"]
[Date "2023.06.27"]
[Round "5"]
[White "Matinian, Nikita"]
[Black "Rodgers, Jack"]
[Result "0-1"]
[WhiteElo "2416"]
[BlackElo "2047"]
[PlyCount "76"]
[EventDate "2023.06.27"]
[EventType "swiss (blitz)"]
[EventRounds "11"]
[EventCountry "USA"]
[SourceTitle "EXT 2024"]
[Source "ChessBase"]
[SourceDate "2023.10.10"]
[SourceVersion "1"]
[SourceVersionDate "2023.10.10"]
[SourceQuality "1"]

1. e4 c5 2. Nf3 g6 3. d4 cxd4 4. Nxd4 Nc6 5. c4 Bg7 6. Nb3 Nf6 7. Nc3 d6 8. Be2 0-0 9. 0-0 Be6 10. Be3 Ne5 11. c5 d5 12. Nd4 Bc8 13. Bf4 Nxe4 14. Nxe4 dxe4 15. Nb5 Bd7 16. Nc3 Bc6 17. Qb3 Nd3 18. Rfd1 Qc8 19. Be3 Rd8 20. Nxe4 Bxe4 21. Bxd3 Bxd3 22. Rxd3 Rxd3 23. Qxd3 Bxb2 24. Rb1 Bf6 25. Qb5 Rb8 26. c6 b6 27. Bf4 a6 28. Qd5 e5 29. Bxe5 Qf5 30. Re1 Bxe5 31. g3 Bc3 32. Rd1 Qxd5 33. Rxd5 Rc8 34. Rd6 Be5 35. Rd5 Bc3 36. Rd6 Bb4 37. Rd4 a5 38. Rc4 Bc5 0-1

[Event "Titled Tuesday intern op 27th Jun Late"]
[Site "Chess.com INT"]
[Date "2023.06.27"]
[Round "10"]
[White "Rodgers, Jack"]
[Black "Bernado Lopez, Roger"]
[Result "1-0"]
[WhiteElo "2047"]
[BlackElo "2158"]
[PlyCount "119"]
[EventDate "2023.06.27"]
[EventType "swiss (blitz)"]
[EventRounds "11"]
[EventCountry "USA"]
[SourceTitle "EXT 2024"]
[Source "ChessBase"]
[SourceDate "2023.10.10"]
[SourceVersion "1"]
[SourceVersionDate "2023.10.10"]
[SourceQuality "1"]

1. d4 d5 2. c4 e6 3. Nc3 h6 4. Nf3 Nf6 5. cxd5 exd5 6. Bf4 Bd6 7. Bg3 0-0 8. e3 Bxg3 9. hxg3 c6 10. Bd3 Re8 11. Qc2 Nbd7 12. 0-0-0 b5 13. Rh4 Nb6 14. Ne5 Qd6 15. Rdh1 Nc4 16. Nxf7 Kxf7 17. Bg6+ Kg8 18. Bxe8 Nxe8 19. g4 Qf6 20. b3 Ncd6 21. f4 Nf7 22. Ne2 Ned6 23. Ng3 Qe6 24. Kd2 Ne4+ 25. Nxe4 dxe4 26. g5 b4 27. gxh6 Nxh6 28. Qc5 Ba6 29. Qg5 Nf7 30. Qh5 c5 31. Qh7+ Kf8 32. f5 Qf6 33. Qg6 Rd8 34. Qxf6 gxf6 35. Rxe4 cxd4 36. Rxd4 Rxd4+ 37. exd4 Bb7 38. Rg1 Nd6 39. g4 Ne4+ 40. Ke3 Ke7 41. Kf4 Ng5 42. Rc1 Kd6 43. Rc4 a5 44. a3 Bd5 45. Rc5 Bxb3 46. axb4 a4 47. Ra5 Nf7 48. b5 Kc7 49. Ra6 Kb7 50. Rxf6 a3 51. Ra6 a2 52. g5 Nd6 53. g6 Nxb5 54. Rxa2 Bxa2 55. Ke5 Kc7 56. f6 Kd7 57. d5 Nc7 58. f7 Ke7 59. d6+ Kf8 60. dxc7 1-0

[Event "Titled Tuesday intern op 27th Jun Late"]
[Site "Chess.com INT"]
[Date "2023.06.27"]
[Round "4"]
[White "Rodgers, Jack"]
[Black "Cunjalo, Faris"]
[Result "1/2-1/2"]
[WhiteElo "2047"]
[BlackElo "2202"]
[PlyCount "92"]
[EventDate "2023.06.27"]
[EventType "swiss (blitz)"]
[EventRounds "11"]
[EventCountry "USA"]
[SourceTitle "EXT 2024"]
[Source "ChessBase"]
[SourceDate "2023.10.10"]
[SourceVersion "1"]
[SourceVersionDate "2023.10.10"]
[SourceQuality "1"]

1. d4 c6 2. c4 d5 3. Nc3 Nf6 4. Nf3 dxc4 5. e4 b5 6. e5 Nd5 7. a4 b4 8. Nb1 a5 9. Bxc4 e6 10. 0-0 Be7 11. Nbd2 0-0 12. Ne4 Bb7 13. Be3 h6 14. Rc1 Nd7 15. Qe2 Rc8 16. Rfd1 N7b6 17. b3 Nd7 18. h3 Qb6 19. Qd2 f5 20. exf6 N7xf6 21. Nc5 Bxc5 22. dxc5 Qc7 23. Nd4 Rce8 24. Re1 Ne4 25. Qd3 Nec3 26. Bd2 Bc8 27. Bxc3 bxc3 28. Bxd5 exd5 29. Rxe8 Rxe8 30. Qxc3 Qf4 31. Nxc6 Re2 32. Rf1 Qg5 33. Nxa5 Bf5 34. Nc6 Be4 35. g3 Rc2 36. Qe5 Rxf2 37. Rxf2 Qc1+ 38. Rf1 Qc2 39. Ne7+ Kh7 40. Rf2 Qc1+ 41. Rf1 Qxc5+ 42. Rf2 Qc1+ 43. Rf1 Qc2 44. Rf2 Qc1+ 45. Rf1 Qc2 46. Rf2 Qc1+ 1/2-1/2

[Event "Titled Tuesday intern op 27th Jun Late"]
[Site "Chess.com INT"]
[Date "2023.06.27"]
[Round "9"]
[White "Rodgers, Jack"]
[Black "Troff, Kayden W"]
[Result "0-1"]
[WhiteElo "2047"]
[BlackElo "2483"]
[PlyCount "48"]
[EventDate "2023.06.27"]
[EventType "swiss (blitz)"]
[EventRounds "11"]
[EventCountry "USA"]
[SourceTitle "EXT 2024"]
[Source "ChessBase"]
[SourceDate "2023.10.10"]
[SourceVersion "1"]
[SourceVersionDate "2023.10.10"]
[SourceQuality "1"]

1. d4 Nf6 2. Bg5 d5 3. Bxf6 exf6 4. e3 c5 5. c3 Nc6 6. g3 h5 7. h4 cxd4 8. exd4 Bg4 9. Qb3 Qe7+ 10. Be2 0-0-0 11. f3 Bf5 12. Kf1 Qe3 13. Qd1 Bd6 14. Kg2 g5 15. Qd2 Qe7 16. Bd3 Bxd3 17. Qxd3 gxh4 18. Rxh4 Rhg8 19. Ne2 Rde8 20. Nf4 Kb8 21. Na3 f5 22. Kh3 Rxg3+ 23. Kxg3 Qg5+ 24. Kh3 Rg8 0-1

[Event "Titled Tuesday intern op 27th Jun Late"]
[Site "Chess.com INT"]
[Date "2023.06.27"]
[Round "11"]
[White "Stoleriu, George"]
[Black "Rodgers, Jack"]
[Result "1/2-1/2"]
[WhiteElo "2390"]
[BlackElo "2047"]
[PlyCount "215"]
[EventDate "2023.06.27"]
[EventType "swiss (blitz)"]
[EventRounds "11"]
[EventCountry "USA"]
[SourceTitle "EXT 2024"]
[Source "ChessBase"]
[SourceDate "2023.10.10"]
[SourceVersion "1"]
[SourceVersionDate "2023.10.10"]
[SourceQuality "1"]

1. e4 c5 2. Nc3 g6 3. d4 cxd4 4. Qxd4 Nf6 5. Nf3 Nc6 6. Qa4 d6 7. e5 dxe5 8. Nxe5 Bg7 9. Bb5 0-0 10. Nxc6 bxc6 11. Bxc6 Bd7 12. Bxd7 Nxd7 13. Bd2 Nb6 14. Qf4 e5 15. Qg5 Bf6 16. Qh6 Nc4 17. Bc1 Rb8 18. 0-0 Nxb2 19. Ne4 Bg7 20. Qh3 Nc4 21. Bh6 Qc8 22. Qh4 Qd8 23. Qh3 Qc8 24. Qh4 Qd8 25. Bg5 f6 26. Nxf6+ Bxf6 27. Qxc4+ Kg7 28. Be3 Rc8 29. Qb3 Rf7 30. Rfd1 Qc7 31. Rd2 e4 32. Rad1 a5 33. Bb6 Qf4 34. Rd7 Rcf8 35. Bc5 Be7 36. g3 Qg5 37. Be3 Qf5 38. Qc3+ Bf6 39. Rxf7+ Rxf7 40. Qd2 h5 41. Qd5 Bc3 42. Qxf5 Rxf5 43. Rd7+ Kf8 44. Ra7 Rb5 45. Kg2 Rb2 46. Bh6+ Kg8 47. Re7 Rxa2 48. Rxe4 Rxc2 49. Rc4 Kf7 50. Be3 a4 51. Bd4 a3 52. Rxc3 Ra2 53. Bc5 Ke6 54. Rxa3 Rc2 55. Be3 Rc6 56. Ra5 Kf7 57. Rb5 Rc2 58. h3 Rc7 59. g4 hxg4 60. hxg4 Kg7 61. Kg3 Rf7 62. Rc5 Kh7 63. Bf4 Rf8 64. Rc7+ Kh8 65. Be5+ Kg8 66. Rg7+ Kh8 67. Rf7+ Kg8 68. Rxf8+ Kxf8 69. Kh4 Kf7 70. Kg5 Ke6 71. f4 Kf7 72. Kh6 g5 73. Kxg5 Kg8 74. Kf6 Kh7 75. g5 Kg8 76. f5 Kh7 77. g6+ Kg8 78. Kg5 Kf8 79. Bf4 Kg8 80. Bg3 Kg7 81. Bh2 Kg8 82. Bg1 Kf8 83. Bf2 Kg8 84. Be1 Kg7 85. Bd2 Kg8 86. Bc1 Kf8 87. Bb2 Kg8 88. Kh6 Kf8 89. Kh7 Ke7 90. f6+ Kd6 91. f7 Kd5 92. f8Q Kc4 93. g7 Kb3 94. g8Q+ Kc2 95. Qg2+ Kd3 96. Qff1+ Ke3 97. Bd4+ Kxd4 98. Qd1+ Ke5 99. Qge2+ Kf4 100. Qdf1+ Kg5 101. Qeg2+ Kh4 102. Qfg1 Kh5 103. Kg7 Kh4 104. Kf6 Kh5 105. Kf5 Kh4 106. Kf4 Kh5 107. Qg8 Kh6 108. Kg4 1/2-1/2